Un amore di porpora /

में बचाया:
ग्रंथसूची विवरण
मुख्य लेखक: Crosta di Moncalvo, Andrea
स्वरूप: पुस्तक
भाषा:अंग्रेज़ी
प्रकाशित: Meda MJM 2011
टैग: टैग जोड़ें
कोई टैग नहीं, इस रिकॉर्ड को टैग करने वाले पहले व्यक्ति बनें!

MARC

LEADER 00000nam a2200000 4500
001 CDOM0000005112
003 mi
005 20250929103242.0
008 250929b |||||||| |||| 00| 0 eng d
020 |a 9788897463467 
040 |c mi 
100 |a Crosta di Moncalvo, Andrea 
245 1 |a Un amore di porpora /  |c Andrea Crosta di Moncalvo 
260 |a Meda  |b MJM  |c 2011 
300 |a 242 p.  |c 21 cm. 
942 |2 ddc  |c BK 
952 |0 0  |1 0  |2 ddc  |4 0  |6 B_LNR02CROANAMO11  |7 0  |9 7649  |a MI  |b MI  |d 2012-02-13  |i 6390  |l 0  |o B-LNR02-CROAN-AMO11  |p CDOM6390  |r 2025-07-13 16:28:00  |w 2025-07-13  |x DONO DELL'AUTORE  |y BK 
999 |c 6334  |d 6334